[Event "Winterfest"]
[Site "Kelowna CAN"]
[Date "2002.02.16"]
[Round "1"]
[White "Higgs, Ian"]
[Black "Geszler, Joe"]
[Result "1-0"]
[WhiteElo "1796"]
[BlackElo "1692"]
[PlyCount "61"]
[EventDate "2002.02.16"]
[EventType "swiss"]
[EventRounds "5"]
[EventCountry "CAN"]

1. e4 c5 2. Nf3 e6 3. d4 cxd4 4. Nxd4 Nf6 5. Nc3 a6 6. Be2 b5 7. a3 Bb7 8. Bf3
Nc6 9. Be3 Ne5 10. Qe2 Nc4 11. e5 Bxf3 12. Nxf3 Ng4 13. Bd4 Nh6 14. b3 Nxa3 15.
Ne4 Nf5 16. Bb2 b4 17. g4 Nh6 18. h3 Qc7 19. O-O Be7 20. Nd6+ Kf8 21. Qe4 Rb8
22. g5 Ng8 23. Qf4 Bxd6 24. exd6 Qxc2 25. Ne5 Qf5 26. Qxf5 exf5 27. Nxd7+ Ke8
28. Nxb8 f6 29. Rfe1+ Kd8 30. Rac1 Nb5 31. d7 1-0

[Event "Winterfest"]
[Site "Kelowna CAN"]
[Date "2002.02.16"]
[Round "1"]
[White "Moore, David"]
[Black "Stockhausen, Peter"]
[Result "1-0"]
[WhiteElo "1925"]
[BlackElo "1636"]
[PlyCount "85"]
[EventDate "2002.02.16"]
[EventType "swiss"]
[EventRounds "5"]
[EventCountry "CAN"]

1. e4 c5 2. Nf3 d6 3. d4 cxd4 4. Nxd4 Nf6 5. Nc3 a6 6. Bg5 Nc6 7. Be2 e6 8. Qd2
Be7 9. O-O-O O-O 10. Bxf6 Bxf6 11. Nxc6 bxc6 12. Qxd6 Qb6 13. e5 Bg5+ 14. Kb1
Rd8 15. Na4 Qa5 16. Qxc6 Bb7 17. Rxd8+ Rxd8 18. Qxb7 Qxa4 19. Rd1 Rxd1+ 20.
Bxd1 h6 21. Bf3 Qf4 22. Qa8+ Kh7 23. Qe4+ Kg8 24. Qe1 Qxh2 25. g3 Qh3 26. c4
Kf8 27. c5 Qf5+ 28. Qe4 Qxe4+ 29. Bxe4 a5 30. Kc2 Ke8 31. Kc3 Kd7 32. f4 Bd8
33. Kc4 h5 34. Kb5 h4 35. a4 h3 36. g4 h2 37. b4 axb4 38. Kxb4 Kc7 39. Kb5 Bh4
40. a5 Kb8 41. g5 Bg3 42. c6 Bxf4 43. a6 1-0

[Event "Winterfest"]
[Site "Kelowna CAN"]
[Date "2002.02.16"]
[Round "1"]
[White "Paulson, Stewart"]
[Black "Barnett, David"]
[Result "1-0"]
[WhiteElo "1540"]
[BlackElo "1753"]
[PlyCount "81"]
[EventDate "2002.02.16"]
[EventType "swiss"]
[EventRounds "5"]
[EventCountry "CAN"]

1. d4 Nf6 2. c4 e6 3. Nc3 b6 4. Nf3 Bb7 5. g3 Bxf3 6. exf3 c5 7. d5 g6 8. Bg5
Bg7 9. Qd2 h6 10. Be3 O-O 11. Bxh6 Re8 12. d6 Nc6 13. Bxg7 Kxg7 14. Be2 a6 15.
O-O Qc8 16. Ne4 Nh7 17. Kg2 Nd4 18. h4 Qc6 19. Rh1 Rh8 20. h5 Nxe2 21. h6+ Kg8
22. Qxe2 f5 23. Nc3 Qxd6 24. Rad1 Qc7 25. Nd5 Qd8 26. Qe5 Qf8 27. Nxb6 Rd8 28.
Nxd7 Qe7 29. Nxc5 Nf6 30. b3 Rh7 31. Rd6 Qf7 32. Rxa6 Nd7 33. Nxd7 Qxd7 34.
Rxe6 Qc7 35. c5 Re7 36. b4 Qb8 37. h7+ Rxh7 38. Rxh7 Kxh7 39. Re7+ Kh6 40. Qg7+
Kg5 41. f4+ 1-0

[Event "Winterfest"]
[Site "Kelowna CAN"]
[Date "2002.02.16"]
[Round "1"]
[White "Phonchiangkwong, Sumon Chai"]
[Black "Sladek, Vaclav"]
[Result "1/2-1/2"]
[WhiteElo "1647"]
[BlackElo "2027"]
[PlyCount "138"]
[EventDate "2002.02.16"]
[EventType "swiss"]
[EventRounds "5"]
[EventCountry "CAN"]

1. Nf3 Nf6 2. e3 c5 3. b3 g6 4. Bb2 Bg7 5. c4 O-O 6. Nc3 d5 7. Nxd5 Nxd5 8.
Bxg7 Kxg7 9. cxd5 Qxd5 10. Bc4 Qd6 11. O-O Nc6 12. Qc2 Bg4 13. Ng5 b6 14. f4 h6
15. Ne4 Qd7 16. Rf2 Rad8 17. a3 Na5 18. Be2 Bxe2 19. Rxe2 Qd3 20. Qxd3 Rxd3 21.
b4 Nb3 22. Rd1 Rfd8 23. bxc5 bxc5 24. Nf2 Rxd2 25. Rdxd2 Rxd2 26. Rxd2 Nxd2 27.
Nd1 Kf6 28. Kf2 Ke6 29. Ke2 Nc4 30. a4 Kd5 31. Nc3+ Kc6 32. g4 e6 33. Kd3 Nd6
34. e4 Kb6 35. e5 Nb7 36. h4 a6 37. Ne4 Kc6 38. Nf6 Na5 39. Ng8 h5 40. gxh5
gxh5 41. Nf6 c4+ 42. Kc3 Nb3 43. Nxh5 Kc5 44. Nf6 Nd4 45. h5 Ne2+ 46. Kc2 Nxf4
47. h6 Ng6 48. Kc3 a5 49. h7 Nh8 50. Nd7+ Kc6 51. Nf6 Kc5 52. Ne4+ Kd5 53. Nd2
Kxe5 54. Nxc4+ Kd5 55. Nxa5 Kc5 56. Nc4 f6 57. Kd3 Ng6 58. a5 Kb5 59. Ke3 Nh8
60. Ke4 Ng6 61. Nd6+ Kxa5 62. Ne8 f5+ 63. Kf3 Kb6 64. Ng7 Kc6 65. Nxe6 Kd6 66.
Nf8 Nh8 67. Kf4 Ke7 68. Nd7 Kxd7 69. Kxf5 Ke7 1/2-1/2

[Event "Winterfest"]
[Site "Kelowna CAN"]
[Date "2002.02.16"]
[Round "1"]
[White "Steinke, Wally"]
[Black "Planas, Rodolfo"]
[Result "1/2-1/2"]
[WhiteElo "1736"]
[BlackElo "1445"]
[PlyCount "82"]
[EventDate "2002.02.16"]
[EventType "swiss"]
[EventRounds "5"]
[EventCountry "CAN"]

1. d4 c6 2. c4 g6 3. e4 h5 4. Nc3 Na6 5. a3 Nc7 6. Qb3 d6 7. Be3 Rb8 8. Nf3 Bg4
9. Nd2 Bh6 10. Bxh6 Nxh6 11. h3 Bd7 12. Be2 Ne6 13. Nf3 Nf4 14. O-O b5 15. c5
dxc5 16. dxc5 Be6 17. Qc2 Qc8 18. Ng5 Nxe2+ 19. Nxe2 Bd7 20. f4 f6 21. Nf3 Bxh3
22. gxh3 Qxh3 23. Ned4 Ng4 24. e5 Qg3+ 25. Qg2 Qxg2+ 26. Kxg2 Ne3+ 27. Kf2 Nxf1
28. Rxf1 Kd7 29. Rd1 g5 30. Nb3+ Kc7 31. Na5 b4 32. e6 Rhd8 33. Rxd8 Rxd8 34.
axb4 Rb8 35. Nd4 Rxb4 36. Naxc6 Rxb2+ 37. Kg3 Rd2 38. Nxe7 Rxd4 39. Ng6 Re4 40.
Nf8 f5 41. Nd7 Re1 1/2-1/2

[Event "Winterfest"]
[Site "Kelowna CAN"]
[Date "2002.02.16"]
[Round "1"]
[White "Taylor, James"]
[Black "Rice, Grant"]
[Result "1-0"]
[WhiteElo "1727"]
[BlackElo "1337"]
[PlyCount "99"]
[EventDate "2002.02.16"]
[EventType "swiss"]
[EventRounds "5"]
[EventCountry "CAN"]

1. e4 c5 2. Nf3 d6 3. d4 cxd4 4. Nxd4 Nc6 5. Be3 Nf6 6. Nd2 Bd7 7. c3 g6 8. Be2
Bg7 9. O-O O-O 10. f4 e6 11. Bf3 Re8 12. Nxc6 Bxc6 13. Qc2 Qc7 14. Rad1 Rad8
15. Qb3 a6 16. Bb6 Qe7 17. Bxd8 Rxd8 18. Rfe1 e5 19. fxe5 dxe5 20. Nc4 Rxd1 21.
Qxd1 Qc5+ 22. Ne3 Nxe4 23. Qd8+ Bf8 24. Qd3 Ng5 25. Bxc6 Qxc6 26. b4 Ne6 27.
Ng4 Nf4 28. Qf3 Qxf3 29. gxf3 f5 30. Nxe5 Bg7 31. c4 Bxe5 32. Rxe5 Nd3 33. Re7
Nxb4 34. c5 Nd3 35. Rc7 h5 36. c6 bxc6 37. Rxc6 Ne5 38. Rxa6 Nxf3+ 39. Kg2 Ne5
40. h3 Kf7 41. Kg3 Nd3 42. a4 Nc5 43. Ra5 Ne6 44. Ra7+ Kf6 45. Ra6 g5 46. a5
f4+ 47. Kf2 g4 48. hxg4 hxg4 49. Rxe6+ Kxe6 50. a6 1-0

[Event "Winterfest"]
[Site "Kelowna CAN"]
[Date "2002.02.16"]
[Round "1"]
[White "Yoos, John"]
[Black "Barabana, Parish"]
[Result "1-0"]
[WhiteElo "2410"]
[BlackElo "1642"]
[PlyCount "91"]
[EventDate "2002.02.16"]
[EventType "swiss"]
[EventRounds "5"]
[EventCountry "CAN"]

1. e4 c5 2. Nf3 d6 3. d4 cxd4 4. Nxd4 e6 5. Nc3 Nf6 6. g4 Be7 7. g5 Nfd7 8. h4
a6 9. Be3 b5 10. a3 Bb7 11. Qe2 Ne5 12. O-O-O Qc7 13. f4 Nc4 14. Ndxb5 axb5 15.
Nxb5 Qc6 16. Qxc4 O-O 17. Qxc6 Bxc6 18. Nxd6 Rd8 19. Bc5 Na6 20. Bxa6 Rxa6 21.
Rhe1 Ra4 22. b3 Bxd6 23. bxa4 Bxf4+ 24. Kb2 Rb8+ 25. Ka2 Bg3 26. Bd6 Bxe1 27.
Bxb8 Ba5 28. Rd4 h6 29. Rc4 Bb7 30. gxh6 gxh6 31. Be5 Kh7 32. h5 Ba6 33. Rc5
Bd8 34. Rc6 Be2 35. Rc8 f6 36. Rxd8 fxe5 37. Rd7+ Kg8 38. a5 Bxh5 39. a6 Bf3
40. a7 Bxe4 41. c4 h5 42. Rd5 Bxd5 43. cxd5 exd5 44. a8=Q+ Kg7 45. Qxd5 Kf6 46.
Qe4 1-0

[Event "Winterfest"]
[Site "Kelowna CAN"]
[Date "2002.02.16"]
[Round "2"]
[White "Barnett, David"]
[Black "Planas, Rodolfo"]
[Result "1/2-1/2"]
[WhiteElo "1753"]
[BlackElo "1445"]
[PlyCount "60"]
[EventDate "2002.02.16"]
[EventType "swiss"]
[EventRounds "5"]
[EventCountry "CAN"]

1. d4 Nf6 2. Bf4 e6 3. e3 b6 4. Nd2 Bb7 5. Ngf3 c5 6. c3 cxd4 7. cxd4 d5 8. Ne5
Nbd7 9. g4 Nxe5 10. dxe5 Nd7 11. Rg1 a6 12. Bg3 Rc8 13. Rc1 g6 14. f4 Qe7 15.
Rxc8+ Bxc8 16. a3 Qc5 17. Bf2 Qc6 18. Nb3 Be7 19. Nd4 Qa8 20. Bg3 Nc5 21. f5
Ne4 22. Qa4+ Bd7 23. Qxa6 Qxa6 24. Bxa6 Nc5 25. Bb5 gxf5 26. gxf5 Bxb5 27. Nxb5
Nd3+ 28. Ke2 Nxb2 29. Nc7+ Kd7 30. fxe6+ fxe6 1/2-1/2

[Event "Winterfest"]
[Site "Kelowna CAN"]
[Date "2002.02.16"]
[Round "2"]
[White "Chranowski, Rick"]
[Black "Taylor, James"]
[Result "1-0"]
[WhiteElo "1880"]
[BlackElo "1727"]
[PlyCount "55"]
[EventDate "2002.02.16"]
[EventType "swiss"]
[EventRounds "5"]
[EventCountry "CAN"]

1. Nc3 Nf6 2. f4 d5 3. e3 c6 4. Nf3 Bg4 5. b3 g6 6. h3 Bxf3 7. Qxf3 Bg7 8. Bb2
e6 9. Bd3 d4 10. exd4 Qxd4 11. O-O-O Nd5 12. Na4 Qxf4 13. Bxg7 Rg8 14. Bb2 Qd6
15. Rhf1 f5 16. c4 Nb4 17. Bb1 b5 18. cxb5 Nd7 19. d4 Rc8 20. bxc6 Rxc6+ 21.
Bc3 Nxa2+ 22. Bxa2 Qa3+ 23. Kb1 Ra6 24. Qe2 Qd6 25. Rfe1 Rg7 26. d5 Re7 27.
dxe6 Qc7 28. exd7+ 1-0

[Event "Winterfest"]
[Site "Kelowna CAN"]
[Date "2002.02.16"]
[Round "2"]
[White "Kindret, Mike"]
[Black "Yoos, John"]
[Result "0-1"]
[WhiteElo "1751"]
[BlackElo "2410"]
[PlyCount "58"]
[EventDate "2002.02.16"]
[EventType "swiss"]
[EventRounds "5"]
[EventCountry "CAN"]

1. e4 c5 2. c3 d5 3. e5 d4 4. Bb5+ Nc6 5. d3 Bd7 6. Nf3 e6 7. c4 a6 8. Bxc6
Bxc6 9. O-O Ne7 10. Nbd2 Ng6 11. Re1 Qc7 12. Qe2 Be7 13. Nf1 h5 14. Bg5 Bxg5
15. Nxg5 Nf4 16. Qd2 Nxg2 17. Re2 O-O-O 18. f4 Nh4 19. Ng3 Rdg8 20. Kf1 Qd7 21.
N3e4 Bxe4 22. Nxe4 f5 23. Nxc5 Qc6 24. Qb4 g5 25. Rf2 gxf4 26. Ke2 Rg2 27. Raf1
Rhg8 28. Nb3 Qf3+ 29. Ke1 Rxf2 0-1

[Event "Winterfest"]
[Site "Kelowna CAN"]
[Date "2002.02.16"]
[Round "2"]
[White "Phonchiangkwong, Sumon Chai"]
[Black "Steinke, Wally"]
[Result "1-0"]
[WhiteElo "1647"]
[BlackElo "1736"]
[PlyCount "87"]
[EventDate "2002.02.16"]
[EventType "swiss"]
[EventRounds "5"]
[EventCountry "CAN"]

1. Nf3 d5 2. e3 Nf6 3. b3 c5 4. Bb2 Nc6 5. d4 e6 6. Be2 Qc7 7. O-O Bd6 8. h3
Bd7 9. c4 O-O-O 10. Nc3 a6 11. a4 dxc4 12. bxc4 Rhg8 13. Ng5 Be8 14. Bf3 cxd4
15. exd4 Nxd4 16. Kh1 Nxf3 17. Nxf3 Bc6 18. Qe2 h5 19. Nd4 Bc5 20. Nxc6 Ng4 21.
hxg4 hxg4 22. Qe5 Qxc6 23. Ne4 Bb6 24. Kg1 Bc7 25. Qc5 Qxc5 26. Nxc5 Bb6 27.
Ne4 f5 28. c5 Bc7 29. Nd6+ Bxd6 30. cxd6 Rxd6 31. Rac1+ Kd7 32. Be5 Rc6 33.
Rfd1+ Ke7 34. Rb1 b6 35. a5 b5 36. Rd2 Kf7 37. Kh2 Rh8+ 38. Kg3 Rg8 39. Rd7+
Kg6 40. Rbd1 Rc5 41. Bd4 Rd5 42. Rxd5 f4+ 43. Kh2 Rf8 44. Re1 1-0

[Event "Winterfest"]
[Site "Kelowna CAN"]
[Date "2002.02.16"]
[Round "2"]
[White "Rice, Grant"]
[Black "Hanna, Josh"]
[Result "1/2-1/2"]
[WhiteElo "1337"]
[BlackElo "1626"]
[PlyCount "66"]
[EventDate "2002.02.16"]
[EventType "swiss"]
[EventRounds "5"]
[EventCountry "CAN"]

1. d4 d5 2. c4 e6 3. Nf3 Nf6 4. Bg5 Be7 5. Nc3 c6 6. e3 Nbd7 7. Bd3 Nf8 8. Qc2
dxc4 9. Bxc4 h6 10. Bh4 Ng6 11. Bg3 Nh5 12. Bd3 Nxg3 13. hxg3 Nf8 14. O-O-O Nd7
15. Rh3 Nf6 16. Ne5 Bd7 17. Bg6 O-O 18. Rdh1 Ng4 19. Bxf7+ Rxf7 20. Nxg4 e5 21.
Nxh6+ Kf8 22. Qg6 Rf6 23. Qh7 gxh6 24. Rxh6 Rxh6 25. Qxh6+ Ke8 26. Qh8+ Bf8 27.
Qxe5+ Qe7 28. Qh5+ Kd8 29. Qf3 Qg7 30. Ne4 Be7 31. Qh5 Rc8 32. Qa5+ Ke8 33.
Qh5+ Kd8 1/2-1/2

[Event "Winterfest"]
[Site "Kelowna CAN"]
[Date "2002.02.16"]
[Round "2"]
[White "Whitman, Alan"]
[Black "Higgs, Ian"]
[Result "1-0"]
[WhiteElo "1698"]
[BlackElo "1796"]
[PlyCount "74"]
[EventDate "2002.02.16"]
[EventType "swiss"]
[EventRounds "5"]
[EventCountry "CAN"]

1. e4 e6 2. d4 d5 3. exd5 exd5 4. Nf3 Be7 5. c3 Nf6 6. Bf4 O-O 7. Bd3 Bg4 8.
O-O Nbd7 9. Nbd2 c5 10. Qc2 Rc8 11. Qa4 cxd4 12. Nxd4 Nc5 13. Qc2 Nxd3 14. Qxd3
a6 15. f3 Bh5 16. Rfe1 Bc5 17. N2b3 Bg6 18. Qd2 Bd6 19. Bxd6 Qxd6 20. Re3 Rce8
21. Rae1 Rxe3 22. Rxe3 Re8 23. Qe2 Rxe3 24. Qxe3 h6 25. Ne2 Kh7 26. Qa7 Qe7 27.
Kf2 Bb1 28. a3 Bd3 29. Ned4 Bg6 30. Nc5 Qc7 31. Nxa6 Qxh2 32. Qxb7 Qh4+ 33. Kg1
Qe1+ 34. Kh2 Qh4+ 35. Kg1 Nh5 36. Qxd5 Qe1+ 37. Kh2 Qg3+ 1-0

[Event "Winterfest"]
[Site "Kelowna CAN"]
[Date "2002.02.16"]
[Round "3"]
[White "Geszler, Joe"]
[Black "Lancaster, Johnny"]
[Result "1-0"]
[WhiteElo "1692"]
[BlackElo "1717"]
[PlyCount "108"]
[EventDate "2002.02.16"]
[EventType "swiss"]
[EventRounds "5"]
[EventCountry "CAN"]

1. c4 c5 2. Nc3 Nf6 3. Nf3 d6 4. e3 e6 5. d4 cxd4 6. exd4 Be7 7. Bd3 Nc6 8. O-O
O-O 9. a3 b6 10. b4 Bb7 11. Bc2 Rc8 12. Bg5 h6 13. Bh4 Nb8 14. Qd3 Nbd7 15. Nd2
Qc7 16. Nce4 Bxe4 17. Nxe4 Qxc4 18. Nxf6+ Nxf6 19. Rac1 Qxd3 20. Bxd3 d5 21.
Ba6 Rxc1 22. Rxc1 g5 23. Bg3 Ne4 24. Rc2 Bf6 25. Be5 Bxe5 26. dxe5 f6 27. f3
Nd2 28. exf6 Rf7 29. Rc8+ Rf8 30. Rc7 Rxf6 31. Rxa7 Kf8 32. Bd3 Rf7 33. Ra8+
Ke7 34. Rb8 Ne4 35. a4 Kd6 36. Bxe4 dxe4 37. Rxb6+ Kd5 38. Rb5+ Kd4 39. Rc5 Rb7
40. Rc6 Rxb4 41. a5 Ra4 42. a6 e3 43. Kf1 Kd3 44. Rd6+ Kc2 45. Rxe6 Kc1 46. Ke1
Kc2 47. Ke2 Ra5 48. Rxe3 Rd5 49. a7 Rd7 50. Ra3 Rd8 51. Ke3 Ra8 52. Ra6 Kb2 53.
Rb6+ Ka3 54. Kd2 Rc8 1-0

[Event "Winterfest"]
[Site "Kelowna CAN"]
[Date "2002.02.16"]
[Round "3"]
[White "Moore, David"]
[Black "Higgs, Ian"]
[Result "1/2-1/2"]
[WhiteElo "1925"]
[BlackElo "1796"]
[PlyCount "40"]
[EventDate "2002.02.16"]
[EventType "swiss"]
[EventRounds "5"]
[EventCountry "CAN"]

1. e4 e6 2. d4 d5 3. e5 c5 4. c3 Bd7 5. Nf3 Nc6 6. Bd3 Rc8 7. O-O cxd4 8. cxd4
Nb4 9. Nc3 Nxd3 10. Qxd3 a6 11. Re1 Ne7 12. Ng5 h6 13. Nh3 Ng6 14. f4 Bb4 15.
Bd2 Qh4 16. f5 Bxc3 17. Bxc3 Nf4 18. Nxf4 Qxf4 19. fxe6 Bxe6 20. Bb4 Bf5
1/2-1/2

[Event "Winterfest"]
[Site "Kelowna CAN"]
[Date "2002.02.16"]
[Round "3"]
[White "Paulson, Stewart"]
[Black "Stockhausen, Peter"]
[Result "0-1"]
[WhiteElo "1540"]
[BlackElo "1636"]
[PlyCount "33"]
[EventDate "2002.02.16"]
[EventType "swiss"]
[EventRounds "5"]
[EventCountry "CAN"]

1. d4 d5 2. c4 c6 3. Nc3 Bf5 4. Qb3 Bc8 5. Nf3 Nf6 6. Bf4 e6 7. e3 Nh5 8. Bg3
Be7 9. Be2 Nd7 10. Rc1 Nxg3 11. hxg3 Nf6 12. Ne5 Nd7 13. cxd5 exd5 14. Qc2 Nxe5
15. dxe5 h6 16. Qa4 Be6 17. f4 0-1

[Event "Winterfest"]
[Site "Kelowna CAN"]
[Date "2002.02.16"]
[Round "3"]
[White "Planas, Rodolfo"]
[Black "Barabana, Parish"]
[Result "1-0"]
[WhiteElo "1445"]
[BlackElo "1642"]
[PlyCount "51"]
[EventDate "2002.02.16"]
[EventType "swiss"]
[EventRounds "5"]
[EventCountry "CAN"]

1. d4 Nf6 2. Bf4 e6 3. e3 c5 4. c3 Nc6 5. Nd2 d5 6. Be2 Be7 7. Ngf3 Bd7 8. Ne5
O-O 9. g4 Ne8 10. Bg3 Nxe5 11. dxe5 f6 12. f4 fxe5 13. fxe5 Bh4 14. Nf3 Bxg3+
15. hxg3 Rxf3 16. Bxf3 Qg5 17. Qd3 g6 18. O-O-O Qxe5 19. Rh3 Nd6 20. Rdh1 Rf8
21. Rxh7 Rxf3 22. Qxg6+ Kf8 23. Rh8+ Ke7 24. R1h7+ Rf7 25. Qh6 Qf6 26. Qf8# 1-0

[Event "Winterfest"]
[Site "Kelowna CAN"]
[Date "2002.02.16"]
[Round "3"]
[White "Schiele, Robin"]
[Black "Barnett, David"]
[Result "1/2-1/2"]
[WhiteElo "1540"]
[BlackElo "1753"]
[PlyCount "42"]
[EventDate "2002.02.16"]
[EventType "swiss"]
[EventRounds "5"]
[EventCountry "CAN"]

1. e4 c6 2. d4 d5 3. Nc3 dxe4 4. Nxe4 Bf5 5. Ng3 Bg6 6. h4 h6 7. Nf3 e6 8. Bd3
Bxd3 9. Qxd3 Nf6 10. O-O Bd6 11. c4 O-O 12. Be3 Qc7 13. Ne4 Nxe4 14. Qxe4 Nd7
15. c5 Be7 16. Bf4 Qd8 17. h5 Nf6 18. Qe5 Nd7 19. Qe3 Nf6 20. Qe5 Nd7 21. Qe3
Nf6 1/2-1/2

[Event "Winterfest"]
[Site "Kelowna CAN"]
[Date "2002.02.16"]
[Round "3"]
[White "Steinke, Wally"]
[Black "Hanna, Josh"]
[Result "1-0"]
[WhiteElo "1736"]
[BlackElo "1626"]
[PlyCount "65"]
[EventDate "2002.02.16"]
[EventType "swiss"]
[EventRounds "5"]
[EventCountry "CAN"]

1. d4 Nf6 2. c4 e6 3. Nf3 d5 4. Bg5 Be7 5. Nc3 O-O 6. e3 Nbd7 7. Qc2 Re8 8. Rc1
b6 9. cxd5 exd5 10. Bd3 Nf8 11. O-O Bb7 12. Ne5 c5 13. Bb5 N8d7 14. Bxf6 Nxe5
15. Bxe5 Rf8 16. Bd3 h6 17. Qe2 Qd7 18. Qh5 a6 19. Bf5 Qd8 20. Qg4 Bf6 21. Bxf6
Qxf6 22. dxc5 bxc5 23. Rfd1 Rad8 24. Rc2 d4 25. exd4 cxd4 26. Ne4 Qe7 27. Rcd2
Rfe8 28. Rxd4 Bxe4 29. Rxd8 Rxd8 30. Rxd8+ Qxd8 31. Bxe4 f5 32. Bxf5 Qa5 33.
Qe2 1-0

[Event "Winterfest"]
[Site "Kelowna CAN"]
[Date "2002.02.16"]
[Round "3"]
[White "Taylor, James"]
[Black "Phonchiangkwong, Sumon Chai"]
[Result "0-1"]
[WhiteElo "1727"]
[BlackElo "1647"]
[PlyCount "70"]
[EventDate "2002.02.16"]
[EventType "swiss"]
[EventRounds "5"]
[EventCountry "CAN"]

1. e4 d5 2. exd5 Qxd5 3. Nc3 Qa5 4. Nf3 Nf6 5. Be2 c6 6. O-O e6 7. a3 Be7 8. b4
Bxb4 9. Bb2 Be7 10. d3 Nbd7 11. Ne4 Qc7 12. h3 O-O 13. c4 b6 14. Qc2 Bb7 15.
Nfd2 c5 16. Bf3 Nxe4 17. Nxe4 Ne5 18. Bxe5 Qxe5 19. Rfe1 Qc7 20. Rad1 Rad8 21.
Qe2 f5 22. Nd2 Rf6 23. Bxb7 Qxb7 24. Nf3 Rg6 25. Kh1 Rf8 26. Rg1 Rff6 27. Rde1
Rh6 28. Kh2 Bd6+ 29. g3 e5 30. Kg2 g5 31. Kf1 g4 32. hxg4 fxg4 33. Nxe5 Bxe5
34. Qxe5 Rxf2+ 35. Kxf2 Qf3# 0-1

[Event "Winterfest"]
[Site "Kelowna CAN"]
[Date "2002.02.16"]
[Round "3"]
[White "Yoos, John"]
[Black "Chranowski, Rick"]
[Result "1-0"]
[WhiteElo "2410"]
[BlackElo "1880"]
[PlyCount "115"]
[EventDate "2002.02.16"]
[EventType "swiss"]
[EventRounds "5"]
[EventCountry "CAN"]

1. e4 b6 2. d4 Bb7 3. Bd3 e6 4. Nf3 Nf6 5. Nbd2 d5 6. e5 Nfd7 7. O-O c5 8. c3
Nc6 9. a3 a5 10. Re1 Ba6 11. Bc2 Be7 12. Nf1 Bxf1 13. Kxf1 b5 14. g3 cxd4 15.
cxd4 a4 16. Kg2 Nb6 17. h4 h6 18. h5 Nc4 19. Qd3 Qb6 20. Rd1 Rc8 21. Rb1 N6a5
22. Bf4 Qc6 23. Rdc1 Qb7 24. Ng1 Rc6 25. Ne2 Rb6 26. Qf3 Bg5 27. Bxg5 hxg5 28.
Rd1 Qe7 29. Qg4 f5 30. exf6 gxf6 31. Bg6+ Kd8 32. Nc3 f5 33. Qe2 Qf6 34. Qd3 g4
35. Ne2 Nd6 36. Qc3 Nac4 37. b3 axb3 38. Rxb3 Ne4 39. Qd3 Kc7 40. Nc3 Nxc3 41.
Qxc3 Ra8 42. Qc1 Rh8 43. Qf4+ Kc6 44. Qc1 Rbb8 45. Qc3 Qe7 46. Rdb1 Rb7 47. a4
Rhb8 48. axb5+ Kb6 49. Re1 Qf6 50. Ra1 Kc7 51. Ra6 Rxb5 52. Rxb5 Rxb5 53. Qc1
Rb6 54. Ra7+ Kb8 55. Qa1 Rb7 56. Ra8+ Kc7 57. Rg8 Rb2 58. Qa7+ 1-0

[Event "Winterfest"]
[Site "Kelowna CAN"]
[Date "2002.02.17"]
[Round "4"]
[White "Chranowski, Rick"]
[Black "Geszler, Joe"]
[Result "1/2-1/2"]
[WhiteElo "1880"]
[BlackElo "1692"]
[PlyCount "41"]
[EventDate "2002.02.16"]
[EventType "swiss"]
[EventRounds "5"]
[EventCountry "CAN"]

1. Nc3 c5 2. f4 Nc6 3. Nf3 Nf6 4. e4 d6 5. Bb5 a6 6. Bxc6+ bxc6 7. O-O e6 8. d3
Be7 9. h3 Qb6 10. Na4 Qc7 11. Bd2 O-O 12. Qe1 Rb8 13. Rb1 Nd7 14. g4 Nf6 15. b3
Qa7 16. c4 Qd7 17. Qh4 Re8 18. Nc3 e5 19. f5 d5 20. Bg5 dxe4 21. dxe4 1/2-1/2

[Event "Winterfest"]
[Site "Kelowna CAN"]
[Date "2002.02.17"]
[Round "4"]
[White "Higgs, Ian"]
[Black "Phonchiangkwong, Sumon Chai"]
[Result "1-0"]
[WhiteElo "1796"]
[BlackElo "1647"]
[PlyCount "97"]
[EventDate "2002.02.16"]
[EventType "swiss"]
[EventRounds "5"]
[EventCountry "CAN"]

1. e4 d5 2. exd5 Qxd5 3. Nf3 c6 4. d4 Nf6 5. Be2 Qa5+ 6. c3 e6 7. O-O Be7 8.
Nbd2 Nbd7 9. Nc4 Qc7 10. Re1 Nd5 11. g3 b6 12. Bf1 Bb7 13. Bg2 h5 14. h4 N7f6
15. Nce5 Ng4 16. Nxg4 hxg4 17. Ne5 Nf6 18. Nxg4 Nxg4 19. Qxg4 g6 20. Bf4 Qd7
21. Rad1 O-O-O 22. a3 Bd6 23. Be5 Rhg8 24. c4 f5 25. Qe2 Ba6 26. b4 Qc7 27.
Bxd6 Rxd6 28. b5 Bb7 29. c5 Rd7 30. bxc6 Bxc6 31. Bxc6 Qxc6 32. cxb6 Qxb6 33.
Qxe6 Qxe6 34. Rxe6 Kd8 35. Kg2 Re7 36. Rxe7 Kxe7 37. Kf3 Kd6 38. Kf4 Kd5 39.
Kg5 a5 40. a4 Ke6 41. d5+ Kd6 42. Rd2 Re8 43. Kxg6 Re4 44. h5 Rxa4 45. h6 Rb4
46. h7 Rb8 47. Ra2 Kxd5 48. Rxa5+ Ke4 49. Rxf5 1-0

[Event "Winterfest"]
[Site "Kelowna CAN"]
[Date "2002.02.17"]
[Round "4"]
[White "Moore, David"]
[Black "Yoos, John"]
[Result "0-1"]
[WhiteElo "1925"]
[BlackElo "2410"]
[PlyCount "80"]
[EventDate "2002.02.16"]
[EventType "swiss"]
[EventRounds "5"]
[EventCountry "CAN"]

1. e4 c5 2. Nf3 d6 3. d4 cxd4 4. Nxd4 Nf6 5. Nc3 g6 6. Be2 Bg7 7. Be3 O-O 8.
O-O Nc6 9. Kh1 d5 10. Nxc6 bxc6 11. e5 Ne4 12. Nxe4 dxe4 13. Qd4 Qd5 14. Qxd5
cxd5 15. Bd4 a5 16. Bb5 Ba6 17. a4 Rfb8 18. Bxa6 Rxa6 19. Rfd1 Rc6 20. Rd2 e6
21. c3 Bh6 22. Rc2 Bf8 23. Kg1 Bc5 24. Rd1 Be7 25. Kf1 Rc4 26. Ra1 Bc5 27. Rd1
Bxd4 28. Rxd4 Rxd4 29. cxd4 Rb4 30. Rc8+ Kg7 31. Ra8 Rxa4 32. b4 Rxb4 33. Rxa5
Rxd4 34. Ke2 g5 35. Ra8 Rb4 36. Ra2 Kg6 37. Ra7 Rb2+ 38. Ke1 Rb1+ 39. Ke2 Rg1
40. g3 Rh1 0-1

[Event "Winterfest"]
[Site "Kelowna CAN"]
[Date "2002.02.17"]
[Round "4"]
[White "Planas, Rodolfo"]
[Black "Sladek, Vaclav"]
[Result "0-1"]
[WhiteElo "1445"]
[BlackElo "2027"]
[PlyCount "64"]
[EventDate "2002.02.16"]
[EventType "swiss"]
[EventRounds "5"]
[EventCountry "CAN"]

1. d4 d5 2. Bf4 Nf6 3. e3 Bf5 4. Nd2 e6 5. Ngf3 Bd6 6. Ne5 Bxe5 7. dxe5 Nfd7 8.
g4 Bg6 9. Bg3 c5 10. h4 h5 11. Be2 hxg4 12. Bxg4 Nc6 13. f4 Qa5 14. Kf1 Ne7 15.
h5 Bf5 16. Bf3 Qb6 17. b3 O-O-O 18. Kg2 Kb8 19. Rc1 Bh7 20. e4 dxe4 21. Be2 Qc6
22. Nc4 Nf5 23. Kh2 Nb6 24. Na5 Qc7 25. Qe1 Rhg8 26. Bh4 Nxh4 27. Qxh4 g5 28.
Qf2 gxf4 29. Rhg1 Qxe5 30. Rxg8 Rxg8 31. Kh3 Bf5+ 32. Kh4 Qf6# 0-1

[Event "Winterfest"]
[Site "Kelowna CAN"]
[Date "2002.02.17"]
[Round "4"]
[White "Rice, Grant"]
[Black "Barnett, David"]
[Result "1-0"]
[WhiteElo "1337"]
[BlackElo "1753"]
[PlyCount "82"]
[EventDate "2002.02.16"]
[EventType "swiss"]
[EventRounds "5"]
[EventCountry "CAN"]

1. e4 c6 2. d4 d5 3. Nc3 dxe4 4. Nxe4 Bf5 5. Ng3 Bg6 6. Bg5 h6 7. Bf4 e6 8. Bd3
Bxd3 9. Qxd3 Nf6 10. O-O-O Qa5 11. Bd2 Qb6 12. Bc3 Nd5 13. Nf3 Na6 14. a3 Nf4
15. Qd2 Qc7 16. Rhg1 O-O-O 17. Ne5 Bd6 18. Qxf4 f6 19. Qg4 fxe5 20. Qxe6+ Kb8
21. dxe5 Bc5 22. Ne4 Be7 23. Qg4 Rhg8 24. f4 Nc5 25. Nxc5 Bxc5 26. Rxd8+ Rxd8
27. Rd1 Be3+ 28. Kb1 Rxd1+ 29. Qxd1 Bxf4 30. g3 Bg5 31. Qd6 Qxd6 32. exd6 Bf6
33. Bxf6 gxf6 34. c4 c5 35. Kc2 Kc8 36. Kd3 Kd7 37. Ke4 Kxd6 38. Kf5 Ke7 39.
Kg6 Ke6 40. Kxh6 a5 41. Kg6 a4 1-0